09栃木県の市町村 - Statistics

General Stats
  • This quiz has been taken 167 times
    163 since last reset
  • The average score is 16 of 25
Answer Stats
Answer % Correct
宇都宮市
99%
日光市
98%
那須塩原市
96%
小山市
95%
足利市
88%
栃木市
88%
鹿沼市
87%
佐野市
86%
那須烏山市
76%
矢板市
75%
さくら市
74%
真岡市
72%
大田原市
72%
下野市
71%
那須郡那須町
51%
芳賀郡芳賀町
47%
芳賀郡茂木町
43%
那須郡那珂川町
43%
下都賀郡野木町
41%
芳賀郡益子町
40%
芳賀郡市貝町
40%
塩谷郡塩谷町
40%
下都賀郡壬生町
39%
塩谷郡高根沢町
38%
河内郡上三川町
37%
No matching quizzes found
Score Distribution
Percent of People with Each Score
Percentile by Number Answered
Your Score History
You have not taken this quiz since the last reset